<?xml version="1.0" encoding="UTF-8"?>
<collection xmlns="http://www.loc.gov/MARC21/slim">
 <record>
  <leader>06494nam a2200385 a 4500</leader>
  <controlfield tag="001">kal490</controlfield>
  <controlfield tag="003">Gr-AtHEAL</controlfield>
  <controlfield tag="005">20160426134339.0</controlfield>
  <controlfield tag="006">m        d        </controlfield>
  <controlfield tag="008">160413s2015    gr      s           gre|c</controlfield>
  <datafield tag="020" ind1=" " ind2=" ">
   <subfield code="a">9789606030208</subfield>
  </datafield>
  <datafield tag="040" ind1=" " ind2=" ">
   <subfield code="a">GR-AtHEAL</subfield>
   <subfield code="b">gre</subfield>
   <subfield code="c">GR-AtHEAL</subfield>
  </datafield>
  <datafield tag="082" ind1="0" ind2="4">
   <subfield code="a">624</subfield>
   <subfield code="2">23</subfield>
  </datafield>
  <datafield tag="100" ind1="1" ind2=" ">
   <subfield code="a">Αβραμίδης, Ιωάννης Ε.</subfield>
   <subfield code="8">1916</subfield>
  </datafield>
  <datafield tag="245" ind1="1" ind2="0">
   <subfield code="a">Ασκήσεις μεθόδου μετακινήσεων</subfield>
   <subfield code="h">[Ηλεκτρονικός πόρος] </subfield>
   <subfield code="b">Ασκήσεις</subfield>
   <subfield code="c">Αβραμίδης, Ιωάννης ; Μορφίδης, Κωνσταντίνος ; Κριτικός αναγνώστης,Καρακώστας, Χρήστος ; Γραφιστική επιμέλεια,Αβραμίδου, Ελένη ; Τεχνική επιμέλεια,Αβραμίδου, Ελένη ; Γλωσσική επιμέλεια,Κατσαρού, Δήμητρα.</subfield>
  </datafield>
  <datafield tag="260" ind1=" " ind2=" ">
   <subfield code="a">Αθήνα :</subfield>
   <subfield code="b">Σύνδεσμος Ελληνικών Ακαδημαϊκών Βιβλιοθηκών,</subfield>
   <subfield code="c">c2015.</subfield>
  </datafield>
  <datafield tag="490" ind1=" " ind2=" ">
   <subfield code="a">Ακαδημαϊκά Ηλεκτρονικά Συγγράμματα και Βοηθήματα Κάλλιπος</subfield>
   <subfield code="8">40</subfield>
  </datafield>
  <datafield tag="505" ind1="0" ind2=" ">
   <subfield code="a">ΑΣΚΗΣΕΙΣ ΜΕΘΟΔΟΥ ΜΕΤΑΚΙΝΗΣΕΩΝΕπεξηγηματικό ΣημείωμαΚατάλογος συμβόλωνΠρόλογοςΕισαγωγήΚεφ. 1: Πάγιοι ατενείς φορείς υπό εξωτερικά φορτία και καταναγκασμούςΚεφ. 2: Κινητοί ατενείς φορείς με ή χωρίς ελαστικές στηρίξεις/πακτώσειςΚεφ. 3: Κινητοί ατενείς φορείς με απολύτως στερεά τμήματαΚεφ. 4: Συγκριτική επίλυση φορέων με και χωρίς ατένειαΚεφ. 5: Φορείς με στοιχεία πεπερασμένης δυστένειαςΚεφ. 6: Φορείς με λοξά στοιχείαΚεφ. 7: Συμμετρικοί φορείςΚεφ. 8: Έλεγχοι ορθότητας της επίλυσηςΚεφ. 9: Χωρικοί φορείςΚεφ. 10: Προσδιορισμός των βαθμών ελευθερίαςΠαράρτημα: Βοηθητικοί πίνακες</subfield>
  </datafield>
  <datafield tag="520" ind1=" " ind2=" ">
   <subfield code="a">Το βιβλίο αυτό απευθύνεται κυρίως σε προπτυχιακούς φοιτητές σε Τμήματα Πολιτικών Μηχανικών ΑΕΙ και ΤΕΙ, οι οποίοι παρακολουθούν το αντίστοιχο μάθημα, δηλαδή τη ΣΤΑΤΙΚΗ ΙI ή τη ΣΤΑΤΙΚΗ ΙΙΙ, που αφορά στην επίλυση υπερστατικών φορέων με τη Μέθοδο Μετακινήσεων (ΣΗΜΕΙΩΣΗ: Η μέθοδος αυτή διδάσκεται σε ορισμένα ΑΕΙ/ΤΕΙ στο πλαίσιο του μαθήματος ΣΤΑΤΙΚΗ ΙΙ, ενώ σε άλλα ΑΕΙ/ΤΕΙ στο πλαίσιο του μαθήματος ΣΤΑΤΙΚΗ ΙΙΙ).   Στο βιβλίο παρουσιάζεται αναλυτικά μία σχετικά μεγάλη σειρά επιλεγμένων ασκήσεων που στοχεύουν στην εμπέδωση της κατανόησης της μεθόδου μετακινήσεων για τον υπολογισμό των μεγεθών έντασης και παραμόρφωσης υπερστατικών φορέων.   Με στόχο τη δυνατότητα συστηματικής και μεθοδικής εξάσκησης του αναγνώστη, οι ασκήσεις είναι ταξινομημένες σε περισσότερες ομάδες που αντιστοιχούν σε ξεχωριστά κεφάλαια. Κάθε ομάδα ασκήσεων αναφέρεται σε ένα διακριτό τμήμα της θεωρίας που αφορά είτε στον τρόπο εφαρμογής της μεθόδου μετακινήσεων στο αντίστοιχο πρόβλημα είτε σε κάποιον ειδικό τύπο στατικού φορέα.   Οι λύσεις των ασκήσεων παρατίθενται λεπτομερώς και αναλυτικά, ενώ συχνά και σε διάφορα σημεία γίνονται υπενθυμίσεις θεμελιωδών εννοιών ή επισημάνσεις βασικών παραδοχών, προκειμένου - μέσω της επανάληψης - να εμπεδωθούν καλύτερα οι μέθοδοι και οι τεχνικές των στατικών υπολογισμών.  Για λόγους απλούστευσης των υπολογισμών και προβολής των ουσιωδών χαρακτηριστικών της χρησιμοποιούμενης μεθόδου επίλυσης, οι περισσότερες ασκήσεις του παρόντος τόμου αφορούν σε επίπεδους φορείς, χωρίς αυτό βέβαια να περιορίζει τη γενικότητα της χρησιμοποιούμενης διαδικασίας επίλυσης.</subfield>
  </datafield>
  <datafield tag="650" ind1=" " ind2="0">
   <subfield code="a">Structural engineering</subfield>
   <subfield code="8">2573</subfield>
  </datafield>
  <datafield tag="653" ind1=" " ind2=" ">
   <subfield code="a">Υπερστατικοί φορείς</subfield>
  </datafield>
  <datafield tag="653" ind1=" " ind2=" ">
   <subfield code="a">Μέθοδος γωνιών στροφής</subfield>
  </datafield>
  <datafield tag="653" ind1=" " ind2=" ">
   <subfield code="a">Μέθοδος παραμορφώσεων</subfield>
  </datafield>
  <datafield tag="653" ind1=" " ind2=" ">
   <subfield code="a">Μέθοδος μετακινήσεων</subfield>
  </datafield>
  <datafield tag="653" ind1=" " ind2=" ">
   <subfield code="a">Ανάλυση κατασκευών</subfield>
  </datafield>
  <datafield tag="653" ind1=" " ind2=" ">
   <subfield code="a">Στατική</subfield>
  </datafield>
  <datafield tag="653" ind1=" " ind2=" ">
   <subfield code="a">Τεχνολογία και επιστήμες μηχανικών</subfield>
   <subfield code="a">Τεχνολογία και επιστήμες μηχανικών</subfield>
   <subfield code="a">Δομική μηχανική</subfield>
  </datafield>
  <datafield tag="653" ind1=" " ind2=" ">
   <subfield code="a">Τεχνολογία και επιστήμες μηχανικών</subfield>
   <subfield code="a">Τεχνολογία και επιστήμες μηχανικών</subfield>
   <subfield code="a">Στατική και δυναμική ανάλυση των κατασκευών</subfield>
  </datafield>
  <datafield tag="700" ind1="1" ind2=" ">
   <subfield code="a">Μορφίδης, Κωνσταντίνος Ε.</subfield>
   <subfield code="e">Συγγραφέας</subfield>
   <subfield code="8">1917</subfield>
  </datafield>
  <datafield tag="700" ind1="1" ind2=" ">
   <subfield code="a">Καρακώστας, Χρήστος</subfield>
   <subfield code="e">Κριτικός αναγνώστης</subfield>
   <subfield code="8">1918</subfield>
  </datafield>
  <datafield tag="856" ind1="4" ind2="0">
   <subfield code="u">http://hdl.handle.net/11419/490</subfield>
   <subfield code="z">Πλήρες Κείμενο - Full text</subfield>
  </datafield>
  <datafield tag="907" ind1=" " ind2=" ">
   <subfield code="a">.b25677780</subfield>
   <subfield code="b">12-06-18</subfield>
   <subfield code="c">29-07-16</subfield>
  </datafield>
  <datafield tag="949" ind1=" " ind2=" ">
   <subfield code="0">0</subfield>
   <subfield code="1">0</subfield>
   <subfield code="2">ddc</subfield>
   <subfield code="4">0</subfield>
   <subfield code="6">624_000000000000000_ΑΒΡ</subfield>
   <subfield code="7">0</subfield>
   <subfield code="8">KALL</subfield>
   <subfield code="8">536</subfield>
   <subfield code="d">2016-04-13</subfield>
   <subfield code="r">2016-04-13</subfield>
   <subfield code="w">2016-04-13</subfield>
   <subfield code="z">624 ΑΒΡ</subfield>
   <subfield code="o">SEAB KALLIPOS</subfield>
  </datafield>
  <datafield tag="998" ind1=" " ind2=" ">
   <subfield code="a">80</subfield>
   <subfield code="a">01</subfield>
   <subfield code="a">02</subfield>
   <subfield code="a">03</subfield>
   <subfield code="a">04</subfield>
   <subfield code="a">05</subfield>
   <subfield code="a">06</subfield>
   <subfield code="a">07</subfield>
   <subfield code="a">08</subfield>
   <subfield code="a">09</subfield>
   <subfield code="a">10</subfield>
   <subfield code="a">11</subfield>
   <subfield code="a">12</subfield>
   <subfield code="a">13</subfield>
   <subfield code="a">14</subfield>
   <subfield code="a">15</subfield>
   <subfield code="a">16</subfield>
   <subfield code="a">17</subfield>
   <subfield code="a">18</subfield>
   <subfield code="a">19</subfield>
   <subfield code="a">20</subfield>
   <subfield code="a">21</subfield>
   <subfield code="a">22</subfield>
   <subfield code="a">23</subfield>
   <subfield code="a">24</subfield>
   <subfield code="a">25</subfield>
   <subfield code="a">26</subfield>
   <subfield code="b">11-05-17</subfield>
   <subfield code="c">m</subfield>
   <subfield code="d">z  </subfield>
   <subfield code="e">-</subfield>
   <subfield code="f">gre</subfield>
   <subfield code="g">gr </subfield>
   <subfield code="h">0</subfield>
  </datafield>
  <datafield tag="942" ind1=" " ind2=" ">
   <subfield code="2">ddc</subfield>
   <subfield code="c">KALLIPOS</subfield>
  </datafield>
 </record>
</collection>
